A magyar szabadkőművesség 1945 után

Elmentve itt :
Bibliográfiai részletek
Szerző: Baráth Tibor
Dokumentumtípus: Cikk
Megjelent: Belvedere Meridionale Szeged 1996
Sorozat:Belvedere Meridionale 8 No. 3-4
Kulcsszavak:Szabadkőművesség - Magyarország - története - 1945-
Tárgyszavak:
Online Access:http://acta.bibl.u-szeged.hu/4488
LEADER 00738nab a2200193 i 4500
001 acta4488
005 20250825081726.0
008 161015s1996 hu o 000 hun d
040 |a SZTE Egyetemi Kiadványok Repozitórium  |b hun 
041 |a hun 
100 1 |a Baráth Tibor 
245 1 2 |a A magyar szabadkőművesség 1945 után  |h [elektronikus dokumentum] /  |c  Baráth Tibor 
260 |a Belvedere Meridionale  |b Szeged  |c 1996 
300 |a 17-22 
490 0 |a Belvedere Meridionale  |v 8 No. 3-4 
650 4 |a Bölcsészettudományok 
650 4 |a Történettudomány és régészet 
695 |a Szabadkőművesség - Magyarország - története - 1945- 
856 4 0 |u http://acta.bibl.u-szeged.hu/4488/1/belvedere_1996_003_004_017-022.pdf  |z Dokumentum-elérés